00913nam a2200217 a 45000010005000000030010000050050017000150080041000320200018000730400025000910800032001161110101001482450183002492460087004322600038005193000027005575040025005846500042006096500024006516500020006751063BR-CuiBMT20231217152048.0231127s2011 mgba 000 0 por d a9788577004584 aBR-CuiBMTcBR-CuiBMT a351.94:336.14822007x(062)2 aCongresso Nacional dos Membros dos Tribunais de Contas do Brasiln(24. :d2011 :cCuritiba, PR)10aTribunais de contas :bintegração dos controles, eficiência e eficácia no gasto público ; anais do xxv Congresso Nacional dos Membros dos Tribunais de contas do Brasil.32aVigésimo quinto Congresso nacional dos membros dos tribunais de contas do Brasil aBelo Horizonte :bFórum,c2011. a469 p. :bil. ;c24 cm aInclui bibliografia. aTribunal de contasxCongressoszNatal aAgente de Controle  aGasto público